000 00312nam a22001337a 4500
008 170412b xxu||||| |||| 00| 0 eng d
020 _a0397506104
041 _aeng
080 _23 ED
_a618
100 _a10
101 _aSHM
245 _aPATHOLOGY IN GYNECOLOGY AND OBSTETRICS
_cGOMPEL.C
942 _2udc
_cBK
999 _c10452
_d10452